Understanding prepositions

Providing a key to the mystery of one of the most difficult aspects of the english language, this book offers advice on how to recognize, understand and use prepositions correctly.

Gorde:
Xehetasun bibliografikoak
Egile nagusia: Sargeant, Howard
Formatua: Liburua
Hizkuntza:Undetermined
Argitaratua: Singapore Learners Publishing Pte Ltd 2004
Gaiak:
Etiketak: Etiketa erantsi
Etiketarik gabe, Izan zaitez lehena erregistro honi etiketa jartzen!
Thư viện lưu trữ: Trung tâm Học liệu Trường Đại học Cần Thơ
LEADER 00767nam a2200217Ia 4500
001 CTU_132499
008 210402s9999 xx 000 0 und d
020 |c 140000 
082 |a 425 
082 |b S245 
100 |a Sargeant, Howard 
245 0 |a Understanding prepositions 
245 0 |c Howard Sargeant 
260 |a Singapore 
260 |b Learners Publishing Pte Ltd 
260 |c 2004 
520 |a Providing a key to the mystery of one of the most difficult aspects of the english language, this book offers advice on how to recognize, understand and use prepositions correctly. 
650 |a English language,Tiếng Anh 
650 |x Prepositions,Giới từ 
904 |i Trọng Hải 
980 |a Trung tâm Học liệu Trường Đại học Cần Thơ